[Event "Benidorm Satellite preliminary"]
[Site "playchess.com #007036"]
[Date "2009.10.24"]
[Round "2"]
[White "Masfouf"]
[Black "Chesshero045"]
[Result "0-1"]
[WhiteElo "2109"]
[BlackElo "1678"]
[PlyCount "134"]
[EventDate "2009.10.24"]
[EventType "swiss (blitz)"]

1. e4 {[%emt 0:00:02]} e5 {[%emt 0:00:01]} 2. Nf3 {[%emt 0:00:01]} Nf6 {[%emt
0:00:01]} 3. Nxe5 {[%emt 0:00:01]} d6 {[%emt 0:00:01]} 4. Nf3 {[%emt 0:00:01]}
Nxe4 {[%emt 0:00:01]} 5. d3 {[%emt 0:00:01]} Nf6 {[%emt 0:00:02]} 6. d4 {[%emt
0:00:00]} d5 {[%emt 0:00:01]} 7. Bd3 {[%emt 0:00:01]} Be7 {[%emt 0:00:01]} 8.
O-O {[%emt 0:00:01]} O-O {[%emt 0:00:00]} 9. h3 {[%emt 0:00:01]} h6 {[%emt 0:
00:02]} 10. Bf4 {[%emt 0:00:02]} Nc6 {[%emt 0:00:03]} 11. c3 {[%emt 0:00:02]}
Be6 {[%emt 0:00:07]} 12. Bc2 {[%emt 0:00:03]} Bd6 {[%emt 0:00:01]} 13. Bxd6 {
[%emt 0:00:03]} Qxd6 {[%emt 0:00:02]} 14. Qd3 {[%emt 0:00:01]} Ne7 {[%emt 0:00:
17]} 15. g4 {[%emt 0:00:09]} Ne4 {[%emt 0:00:08]} 16. Nbd2 {[%emt 0:00:02]} f5
{[%emt 0:00:04]} 17. Ne5 {[%emt 0:00:06]} c5 {[%emt 0:00:25]} 18. f3 {[%emt 0:
00:09]} c4 {[%emt 0:00:02]} 19. Qe3 {[%emt 0:00:06]} f4 {[%emt 0:00:10]} 20.
Qe1 {[%emt 0:00:06]} Nxd2 {[%emt 0:00:22]} 21. Qxd2 {[%emt 0:00:03]} Rae8 {
[%emt 0:00:09]} 22. Rae1 {[%emt 0:00:02]} Nc6 {[%emt 0:00:03]} 23. b3 {[%emt 0:
00:02]} Nxe5 {[%emt 0:00:04]} 24. Rxe5 {[%emt 0:00:02]} b5 {[%emt 0:00:04]} 25.
Rfe1 {[%emt 0:00:03]} Bd7 {[%emt 0:00:03]} 26. a4 {[%emt 0:00:06]} a6 {[%emt 0:
00:02]} 27. bxc4 {[%emt 0:00:10]} dxc4 {[%emt 0:00:04]} 28. axb5 {[%emt 0:00:
03]} axb5 {[%emt 0:00:01]} 29. Qe2 {[%emt 0:00:10]} Qc6 {[%emt 0:00:05]} 30.
Be4 {[%emt 0:00:04]} Qc8 {[%emt 0:00:01]} 31. Bd5+ {[%emt 0:00:03]} Kh8 {[%emt
0:00:02]} 32. Qe4 {[%emt 0:00:03]} Rxe5 {[%emt 0:00:06]} 33. dxe5 {[%emt 0:00:
04]} Qc5+ {[%emt 0:00:09]} 34. Kg2 {[%emt 0:00:02]} b4 {[%emt 0:00:01]} 35.
cxb4 {[%emt 0:00:03]} Qxb4 {[%emt 0:00:01]} 36. Qxc4 {[%emt 0:00:01]} Qxe1 {
[%emt 0:00:02]} 37. e6 {[%emt 0:00:03]} Qg3+ {[%emt 0:00:02]} 38. Kf1 {[%emt 0:
00:02]} Qxh3+ {[%emt 0:00:02]} 39. Kf2 {[%emt 0:00:01]} Qh2+ {[%emt 0:00:02]}
40. Kf1 {[%emt 0:00:01]} Qh1+ {[%emt 0:00:16]} 41. Kf2 {[%emt 0:00:01]} Qh2+ {
[%emt 0:00:01]} 42. Kf1 {[%emt 0:00:01]} Bxe6 {[%emt 0:00:22]} 43. Bxe6 {[%emt
0:00:02]} Qg3 {[%emt 0:00:02]} 44. Bd5 {[%emt 0:00:05]} Rb8 {[%emt 0:00:04]}
45. Be4 {[%emt 0:00:04]} Rd8 {[%emt 0:00:03]} 46. Qc2 {[%emt 0:00:11]} Qh3+ {
[%emt 0:00:03]} 47. Kf2 {[%emt 0:00:02]} Qh2+ {[%emt 0:00:01]} 48. Ke1 {[%emt
0:00:01]} Qg1+ {[%emt 0:00:04]} 49. Ke2 {[%emt 0:00:02]} Qg2+ {[%emt 0:00:08]}
50. Ke1 {[%emt 0:00:01]} Qxc2 {[%emt 0:00:02]} 51. Bxc2 {[%emt 0:00:02]} Rd4 {
[%emt 0:00:03]} 52. Be4 {[%emt 0:00:06]} Kg8 {[%emt 0:00:12]} 53. Kf2 {[%emt 0:
00:01]} Kf7 {[%emt 0:00:01]} 54. Kg2 {[%emt 0:00:01]} Rxe4 {[%emt 0:00:01]} 55.
fxe4 {[%emt 0:00:01]} Kf6 {[%emt 0:00:01]} 56. Kf2 {[%emt 0:00:03]} Ke5 {[%emt
0:00:01]} 57. Kf3 {[%emt 0:00:02]} g5 {[%emt 0:00:01]} 58. Kf2 {[%emt 0:00:01]}
Kxe4 {[%emt 0:00:01]} 59. Ke2 {[%emt 0:00:01]} f3+ {[%emt 0:00:02]} 60. Kf2 {
[%emt 0:00:04]} Kf4 {[%emt 0:00:00]} 61. Kf1 {[%emt 0:00:02]} Kxg4 {[%emt 0:00:
01]} 62. Kf2 {[%emt 0:00:01]} Kf4 {[%emt 0:00:01]} 63. Kf1 {[%emt 0:00:03]} g4
{[%emt 0:00:01]} 64. Kg1 {[%emt 0:00:02]} g3 {[%emt 0:00:01]} 65. Kf1 {[%emt 0:
00:01]} Ke3 {[%emt 0:00:01]} 66. Kg1 {[%emt 0:00:04]} f2+ {[%emt 0:00:01]} 67.
Kg2 {[%emt 0:00:01]} Ke2 {[%emt 0:00:00] Masfouf resigns} 0-1

[Event "Benidorm Satellite preliminary"]
[Site "playchess.com #007036"]
[Date "2009.10.24"]
[Round "2"]
[White "Novoselski"]
[Black "JULIUS CEASER"]
[Result "1/2-1/2"]
[WhiteElo "2701"]
[BlackElo "2112"]
[PlyCount "134"]
[EventDate "2009.10.24"]
[EventType "swiss (blitz)"]

1. e4 {[%emt 0:00:02]} c5 {[%emt 0:00:02]} 2. Nf3 {[%emt 0:00:01]} d6 {[%emt 0:
00:02]} 3. Bb5+ {[%emt 0:00:02]} Nc6 {[%emt 0:00:02]} 4. O-O {[%emt 0:00:02]}
e5 {[%emt 0:00:01]} 5. c3 {[%emt 0:00:02]} Bd7 {[%emt 0:00:02]} 6. d4 {[%emt 0:
00:04]} Qc7 {[%emt 0:00:01]} 7. Re1 {[%emt 0:00:05]} Nf6 {[%emt 0:00:02]} 8.
Bf1 {[%emt 0:00:07]} Be7 {[%emt 0:00:02]} 9. a4 {[%emt 0:00:04]} O-O {[%emt 0:
00:03]} 10. d5 {[%emt 0:00:02]} Nb8 {[%emt 0:00:02]} 11. Nbd2 {[%emt 0:00:02]}
b6 {[%emt 0:00:07]} 12. Nc4 {[%emt 0:00:04]} Bc8 {[%emt 0:00:04]} 13. Na3 {
[%emt 0:00:02]} a6 {[%emt 0:00:03]} 14. b4 {[%emt 0:00:03]} Nbd7 {[%emt 0:00:
06]} 15. Rb1 {[%emt 0:00:10]} cxb4 {[%emt 0:00:05]} 16. cxb4 {[%emt 0:00:02]}
Bb7 {[%emt 0:00:04]} 17. Bd2 {[%emt 0:00:06]} Rac8 {[%emt 0:00:02]} 18. Qb3 {
[%emt 0:00:03]} Qb8 {[%emt 0:00:04]} 19. Nc4 {[%emt 0:00:09]} Rc7 {[%emt 0:00:
07]} 20. a5 {[%emt 0:00:09]} b5 {[%emt 0:00:02]} 21. Ne3 {[%emt 0:00:02]} Rfc8
{[%emt 0:00:02]} 22. Nf5 {[%emt 0:00:02]} Bf8 {[%emt 0:00:02]} 23. Bd3 {[%emt
0:00:09]} g6 {[%emt 0:00:03]} 24. Ng3 {[%emt 0:00:02]} h6 {[%emt 0:00:04]} 25.
h3 {[%emt 0:00:05]} Bg7 {[%emt 0:00:07]} 26. Nh2 {[%emt 0:00:02]} Nh7 {[%emt 0:
00:08]} 27. Rf1 {[%emt 0:00:07]} Rf8 {[%emt 0:00:08]} 28. Qd1 {[%emt 0:00:03]}
Qd8 {[%emt 0:00:07]} 29. Rc1 {[%emt 0:00:05]} Rxc1 {[%emt 0:00:02]} 30. Qxc1 {
[%emt 0:00:01]} h5 {[%emt 0:00:15]} 31. Nf3 {[%emt 0:00:02]} Qb8 {[%emt 0:00:
07]} 32. Ng5 {[%emt 0:00:12]} Nxg5 {[%emt 0:00:04]} 33. Bxg5 {[%emt 0:00:02]}
f6 {[%emt 0:00:02]} 34. Be3 {[%emt 0:00:05]} Rc8 {[%emt 0:00:01]} 35. Qd2 {
[%emt 0:00:01]} Qc7 {[%emt 0:00:02]} 36. Ne2 {[%emt 0:00:02]} Nf8 {[%emt 0:00:
15]} 37. f4 {[%emt 0:00:02]} Qe7 {[%emt 0:00:24]} 38. Rc1 {[%emt 0:00:12]}
Rxc1+ {[%emt 0:00:08]} 39. Qxc1 {[%emt 0:00:00]} Kf7 {[%emt 0:00:09]} 40. Bb6 {
[%emt 0:00:11]} exf4 {[%emt 0:00:07]} 41. Nxf4 {[%emt 0:00:02]} Bh6 {[%emt 0:
00:03]} 42. Qf1 {[%emt 0:00:15]} Bxf4 {[%emt 0:00:13]} 43. Qxf4 {[%emt 0:00:01]
} Kg7 {[%emt 0:00:03]} 44. Bd4 {[%emt 0:00:06]} Nd7 {[%emt 0:00:01]} 45. Qc1 {
[%emt 0:00:06]} Ne5 {[%emt 0:00:01]} 46. Bf1 {[%emt 0:00:02]} Nc4 {[%emt 0:00:
07]} 47. Bxc4 {[%emt 0:00:02]} Qc7 {[%emt 0:00:03]} 48. Bxf6+ {[%emt 0:00:04]}
Kxf6 {[%emt 0:00:03]} 49. Qf4+ {[%emt 0:00:02]} Kg7 {[%emt 0:00:02]} 50. Bf1 {
[%emt 0:00:01]} Qe7 {[%emt 0:00:12]} 51. Kf2 {[%emt 0:00:11]} Qf6 {[%emt 0:00:
02]} 52. Qxf6+ {[%emt 0:00:04]} Kxf6 {[%emt 0:00:01]} 53. Ke3 {[%emt 0:00:00]}
Ke5 {[%emt 0:00:00]} 54. g3 {[%emt 0:00:02]} Bc8 {[%emt 0:00:01]} 55. h4 {
[%emt 0:00:02]} Bd7 {[%emt 0:00:02]} 56. Be2 {[%emt 0:00:04] JULIUS CEASER
bietet Remis} Bc8 {[%emt 0:00:02]} 57. Bf3 {[%emt 0:00:05]} Bd7 {[%emt 0:00:01]
} 58. Bd1 {[%emt 0:00:15]} Bc8 {[%emt 0:00:01]} 59. Bc2 {[%emt 0:00:03]} Bd7 {
[%emt 0:00:01]} 60. Bd3 {[%emt 0:00:01]} Bc8 {[%emt 0:00:01]} 61. Kd2 {[%emt 0:
00:02]} Bd7 {[%emt 0:00:01]} 62. Kc3 {[%emt 0:00:01]} Bc8 {[%emt 0:00:01]} 63.
Bc2 {[%emt 0:00:01]} Bd7 {[%emt 0:00:01]} 64. Kd3 {[%emt 0:00:01]} Bc8 {[%emt
0:00:00]} 65. Ke3 {[%emt 0:00:00]} Bd7 {[%emt 0:00:01]} 66. Kf3 {[%emt 0:00:01]
} Bg4+ {[%emt 0:00:01]} 67. Ke3 {[%emt 0:00:01]} Bd7 {[%emt 0:00:01]} 1/2-1/2

[Event "Benidorm Satellite preliminary"]
[Site "playchess.com #007036"]
[Date "2009.10.24"]
[Round "2"]
[White "Yoborjamari"]
[Black "Chessmaestro"]
[Result "1-0"]
[WhiteElo "2086"]
[BlackElo "2683"]
[PlyCount "119"]
[EventDate "2009.10.24"]
[EventType "swiss (blitz)"]

1. Nf3 {[%emt 0:00:09]} Nf6 {[%emt 0:00:01]} 2. g3 {[%emt 0:00:01]} b6 {[%emt
0:00:01]} 3. Bg2 {[%emt 0:00:01]} Bb7 {[%emt 0:00:00]} 4. O-O {[%emt 0:00:01]}
e6 {[%emt 0:00:01]} 5. d4 {[%emt 0:00:01]} Be7 {[%emt 0:00:01]} 6. c4 {[%emt 0:
00:02]} O-O {[%emt 0:00:01]} 7. Nc3 {[%emt 0:00:01]} Ne4 {[%emt 0:00:01]} 8.
Nxe4 {[%emt 0:00:02]} Bxe4 {[%emt 0:00:01]} 9. Ne5 {[%emt 0:00:00]} Bxg2 {
[%emt 0:00:04]} 10. Kxg2 {[%emt 0:00:01]} d6 {[%emt 0:00:01]} 11. Nf3 {[%emt 0:
00:02]} f5 {[%emt 0:00:01]} 12. Qd3 {[%emt 0:00:19]} Bf6 {[%emt 0:00:31]} 13.
e3 {[%emt 0:00:08]} Qe8 {[%emt 0:00:12]} 14. e4 {[%emt 0:00:01]} fxe4 {[%emt 0:
00:24]} 15. Qxe4 {[%emt 0:00:01]} Nc6 {[%emt 0:00:01]} 16. Bg5 {[%emt 0:00:13]}
h6 {[%emt 0:00:52]} 17. Bxf6 {[%emt 0:00:03]} Rxf6 {[%emt 0:00:01]} 18. Rae1 {
[%emt 0:00:04]} Qd7 {[%emt 0:00:19]} 19. d5 {[%emt 0:00:10]} exd5 {[%emt 0:00:
46]} 20. Qxd5+ {[%emt 0:00:03]} Kh7 {[%emt 0:00:03]} 21. Nd4 {[%emt 0:00:02]}
Nxd4 {[%emt 0:00:04]} 22. Qxa8 {[%emt 0:00:07]} c6 {[%emt 0:00:02]} 23. Qe8 {
[%emt 0:00:03]} Qg4 {[%emt 0:00:18]} 24. Qe4+ {[%emt 0:00:05] .} Qxe4+ {[%emt
0:00:01]} 25. Rxe4 {[%emt 0:00:01]} Nf3 {[%emt 0:00:00]} 26. Rd1 {[%emt 0:00:
06]} Ne5 {[%emt 0:00:01]} 27. b3 {[%emt 0:00:06]} c5 {[%emt 0:00:01]} 28. Rf4 {
[%emt 0:00:25]} Rg6 {[%emt 0:00:02]} 29. Rf8 {[%emt 0:00:12]} Nc6 {[%emt 0:00:
01]} 30. Rc8 {[%emt 0:00:10]} Nd4 {[%emt 0:00:02]} 31. Ra8 {[%emt 0:00:08]} a5
{[%emt 0:00:01]} 32. Rb8 {[%emt 0:00:02]} d5 {[%emt 0:00:01]} 33. cxd5 {[%emt
0:00:02]} Rd6 {[%emt 0:00:01]} 34. h4 {[%emt 0:00:20]} b5 {[%emt 0:00:04]} 35.
Ra8 {[%emt 0:00:13]} a4 {[%emt 0:00:04]} 36. bxa4 {[%emt 0:00:03]} b4 {[%emt 0:
00:01]} 37. Rb8 {[%emt 0:00:10]} Rxd5 {[%emt 0:00:01]} 38. a5 {[%emt 0:00:06]}
Rd7 {[%emt 0:00:01]} 39. a6 {[%emt 0:00:08]} Ra7 {[%emt 0:00:01]} 40. Rb6 {
[%emt 0:00:01]} Ne2 {[%emt 0:00:03]} 41. Kf3 {[%emt 0:00:02]} Nc3 {[%emt 0:00:
01]} 42. Rd2 {[%emt 0:00:02]} c4 {[%emt 0:00:02]} 43. Rxb4 {[%emt 0:00:02]}
Rxa6 {[%emt 0:00:01]} 44. Rxc4 {[%emt 0:00:01]} Nxa2 {[%emt 0:00:00]} 45. Rd7 {
[%emt 0:00:01]} Ra3+ {[%emt 0:00:03]} 46. Kg2 {[%emt 0:00:02]} Ra6 {[%emt 0:00:
01]} 47. Rcc7 {[%emt 0:00:01]} Rg6 {[%emt 0:00:01]} 48. f4 {[%emt 0:00:01]} Nb4
{[%emt 0:00:02]} 49. Kf3 {[%emt 0:00:01]} h5 {[%emt 0:00:01]} 50. f5 {[%emt 0:
00:02]} Rg4 {[%emt 0:00:01]} 51. f6 {[%emt 0:00:02]} Nd3 {[%emt 0:00:01]} 52.
Rxg7+ {[%emt 0:00:02]} Rxg7 {[%emt 0:00:01]} 53. Rxg7+ {[%emt 0:00:01]} Kh6 {
[%emt 0:00:00]} 54. Ra7 {[%emt 0:00:09]} Kg6 {[%emt 0:00:02]} 55. f7 {[%emt 0:
00:01]} Ne5+ {[%emt 0:00:01]} 56. Kf4 {[%emt 0:00:01]} Nxf7 {[%emt 0:00:00]}
57. Ra6+ {[%emt 0:00:01]} Kg7 {[%emt 0:00:01]} 58. Kf5 {[%emt 0:00:01]} Kh7 {
[%emt 0:00:02]} 59. Ra7 {[%emt 0:00:01]} Kg7 {[%emt 0:00:01]} 60. Ke6 {[%emt 0:
00:01] Chessmaestro ñäàåòñÿ} 1-0

[Event "Benidorm Satellite preliminary"]
[Site "playchess.com #007036"]
[Date "2009.10.24"]
[Round "2"]
[White "Enfanterrible"]
[Black "Bauxi"]
[Result "1-0"]
[WhiteElo "2540"]
[BlackElo "1960"]
[PlyCount "109"]
[EventDate "2009.10.24"]
[EventType "swiss (blitz)"]

1. d4 {[%emt 0:00:01]} Nf6 {[%emt 0:00:01]} 2. c4 {[%emt 0:00:01]} c5 {[%emt 0:
00:01]} 3. d5 {[%emt 0:00:01]} b5 {[%emt 0:00:01]} 4. Nf3 {[%emt 0:00:01]} d6 {
[%emt 0:00:02]} 5. cxb5 {[%emt 0:00:02]} a6 {[%emt 0:00:01]} 6. e3 {[%emt 0:00:
01]} g6 {[%emt 0:00:02]} 7. Nc3 {[%emt 0:00:01]} Bg7 {[%emt 0:00:01]} 8. e4 {
[%emt 0:00:02]} O-O {[%emt 0:00:02]} 9. a4 {[%emt 0:00:01]} Qd7 {[%emt 0:00:11]
} 10. h3 {[%emt 0:00:12]} Qc7 {[%emt 0:00:18]} 11. Bg5 {[%emt 0:00:03]} Re8 {
[%emt 0:00:04]} 12. Bc4 {[%emt 0:00:11]} Nbd7 {[%emt 0:00:04]} 13. O-O {[%emt
0:00:01]} Nb6 {[%emt 0:00:06]} 14. Be2 {[%emt 0:00:05]} axb5 {[%emt 0:00:06]}
15. Bxb5 {[%emt 0:00:10]} Bd7 {[%emt 0:00:02]} 16. Qe2 {[%emt 0:00:03]} Reb8 {
[%emt 0:00:05]} 17. Rad1 {[%emt 0:00:13]} Nxa4 {[%emt 0:00:25]} 18. Bxd7 {
[%emt 0:00:01]} Qxd7 {[%emt 0:00:06]} 19. e5 {[%emt 0:00:02]} Ne8 {[%emt 0:00:
08]} 20. e6 {[%emt 0:00:07]} fxe6 {[%emt 0:00:02]} 21. dxe6 {[%emt 0:00:01]}
Nxc3 {[%emt 0:00:06]} 22. bxc3 {[%emt 0:00:06]} Qb7 {[%emt 0:00:07]} 23. c4 {
[%emt 0:00:14]} Nf6 {[%emt 0:00:04]} 24. Nd2 {[%emt 0:00:21]} Ra2 {[%emt 0:00:
07]} 25. Qd3 {[%emt 0:00:01]} Qa8 {[%emt 0:00:35]} 26. Rb1 {[%emt 0:00:27]}
Rbb2 {[%emt 0:00:12]} 27. Rxb2 {[%emt 0:00:09]} Rxb2 {[%emt 0:00:00]} 28. Rb1 {
[%emt 0:00:01]} Qa2 {[%emt 0:00:29]} 29. Rxb2 {[%emt 0:00:10]} Qxb2 {[%emt 0:
00:00]} 30. Bf4 {[%emt 0:00:07]} Nh5 {[%emt 0:00:13]} 31. Be3 {[%emt 0:00:30]}
Be5 {[%emt 0:00:01]} 32. g3 {[%emt 0:00:13]} Qc3 {[%emt 0:00:02]} 33. Qxc3 {
[%emt 0:00:04]} Bxc3 {[%emt 0:00:00]} 34. Ne4 {[%emt 0:00:00]} Bb2 {[%emt 0:00:
07]} 35. Nxc5 {[%emt 0:00:20]} dxc5 {[%emt 0:00:05]} 36. Bxc5 {[%emt 0:00:01]}
Kf8 {[%emt 0:00:02]} 37. f4 {[%emt 0:00:00]} Ng7 {[%emt 0:00:03]} 38. Kg2 {
[%emt 0:00:01]} Nxe6 {[%emt 0:00:01]} 39. Be3 {[%emt 0:00:00]} Kf7 {[%emt 0:00:
01]} 40. Kf3 {[%emt 0:00:00]} Ba3 {[%emt 0:00:04]} 41. g4 {[%emt 0:00:01]} Bc5
{[%emt 0:00:03]} 42. Bc1 {[%emt 0:00:01]} Nd4+ {[%emt 0:00:01]} 43. Ke4 {[%emt
0:00:01]} Nb3 {[%emt 0:00:01]} 44. Bb2 {[%emt 0:00:02]} Bd6 {[%emt 0:00:02]}
45. f5 {[%emt 0:00:02]} g5 {[%emt 0:00:03]} 46. Kd5 {[%emt 0:00:01]} h6 {[%emt
0:00:01]} 47. Bc3 {[%emt 0:00:01]} Nc5 {[%emt 0:00:08]} 48. Bd4 {[%emt 0:00:01]
} Nd3 {[%emt 0:00:03]} 49. c5 {[%emt 0:00:01]} Bg3 {[%emt 0:00:05]} 50. c6 {
[%emt 0:00:01]} Nb4+ {[%emt 0:00:03]} 51. Kc5 {[%emt 0:00:01]} Na6+ {[%emt 0:
00:01]} 52. Kb6 {[%emt 0:00:01]} Nc7 {[%emt 0:00:01]} 53. Kb7 {[%emt 0:00:01]}
e6 {[%emt 0:00:01]} 54. fxe6+ {[%emt 0:00:01]} Kxe6 {[%emt 0:00:00]} 55. Bg7 {
[%emt 0:00:00] Zeit} 1-0

[Event "Benidorm Satellite preliminary"]
[Site "playchess.com #007036"]
[Date "2009.10.24"]
[Round "2"]
[White "Mateusz-Morfeusz"]
[Black "Ozmarabagi"]
[Result "1/2-1/2"]
[WhiteElo "2479"]
[BlackElo "1919"]
[PlyCount "112"]
[EventDate "2009.10.24"]
[EventType "swiss (blitz)"]

1. e4 {[%emt 0:00:01]} d5 {[%emt 0:00:01]} 2. exd5 {[%emt 0:00:02]} Qxd5 {
[%emt 0:00:02]} 3. Nc3 {[%emt 0:00:03]} Qd6 {[%emt 0:00:01]} 4. Nf3 {[%emt 0:
00:06]} Nf6 {[%emt 0:00:07]} 5. d3 {[%emt 0:00:02]} a6 {[%emt 0:00:12]} 6. g3 {
[%emt 0:00:01]} b5 {[%emt 0:00:01]} 7. Bf4 {[%emt 0:00:01]} Qb6 {[%emt 0:00:02]
} 8. Bg2 {[%emt 0:00:01]} Bb7 {[%emt 0:00:09]} 9. O-O {[%emt 0:00:01]} e6 {
[%emt 0:00:02]} 10. a4 {[%emt 0:00:01]} Bb4 {[%emt 0:00:23]} 11. axb5 {[%emt 0:
00:02]} axb5 {[%emt 0:00:08]} 12. Rxa8 {[%emt 0:00:00]} Bxa8 {[%emt 0:00:02]}
13. Qe2 {[%emt 0:00:15]} O-O {[%emt 0:00:05]} 14. Ra1 {[%emt 0:00:01]} Nbd7 {
[%emt 0:00:06]} 15. Ne5 {[%emt 0:00:12]} Bxg2 {[%emt 0:00:12]} 16. Kxg2 {[%emt
0:00:01]} Bxc3 {[%emt 0:00:06]} 17. bxc3 {[%emt 0:00:01]} Nd5 {[%emt 0:00:03]}
18. Nxd7 {[%emt 0:00:05]} Nxf4+ {[%emt 0:00:09]} 19. gxf4 {[%emt 0:00:03]} Qc6+
{[%emt 0:00:06]} 20. Qe4 {[%emt 0:00:01]} Qxd7 {[%emt 0:00:02]} 21. Ra7 {[%emt
0:00:07]} Rc8 {[%emt 0:00:06]} 22. Rb7 {[%emt 0:00:33]} f5 {[%emt 0:00:10]} 23.
Qf3 {[%emt 0:00:06]} Kf7 {[%emt 0:00:03]} 24. Kg3 {[%emt 0:00:06]} Kf6 {[%emt
0:00:06]} 25. d4 {[%emt 0:00:05]} Qe8 {[%emt 0:00:07]} 26. h3 {[%emt 0:00:06]}
h6 {[%emt 0:00:07]} 27. Qe3 {[%emt 0:00:01]} Qc6 {[%emt 0:00:06]} 28. Qe5+ {
[%emt 0:00:02]} Kf7 {[%emt 0:00:05]} 29. Rxb5 {[%emt 0:00:05]} Qxc3+ {[%emt 0:
00:09]} 30. Kg2 {[%emt 0:00:14]} Qxc2 {[%emt 0:00:06]} 31. Rc5 {[%emt 0:00:01]}
Qd3 {[%emt 0:00:08]} 32. Rxc7+ {[%emt 0:00:06]} Rxc7 {[%emt 0:00:12]} 33. Qxc7+
{[%emt 0:00:00]} Kg6 {[%emt 0:00:02]} 34. Qe5 {[%emt 0:00:00]} Kf7 {[%emt 0:00:
02]} 35. h4 {[%emt 0:00:09]} Qd2 {[%emt 0:00:09]} 36. h5 {[%emt 0:00:02]} Qd1 {
[%emt 0:00:07]} 37. Qc7+ {[%emt 0:00:01]} Kf6 {[%emt 0:00:01]} 38. Qd8+ {[%emt
0:00:01]} Kf7 {[%emt 0:00:01]} 39. Qd7+ {[%emt 0:00:00]} Kf6 {[%emt 0:00:01]
Ozmarabagi ofrece tablas} 40. Qd8+ {[%emt 0:01:23] .} Kf7 {[%emt 0:00:04]} 41.
Qc7+ {[%emt 0:00:00]} Kf6 {[%emt 0:00:02]} 42. Qe5+ {[%emt 0:00:00]} Kf7 {
[%emt 0:00:01]} 43. f3 {[%emt 0:00:02]} Qd2+ {[%emt 0:00:07]} 44. Kg3 {[%emt 0:
00:00]} Qd1 {[%emt 0:00:05]} 45. Kf2 {[%emt 0:00:11]} Qh1 {[%emt 0:00:11] '}
46. Qc7+ {[%emt 0:00:02]} Kf6 {[%emt 0:00:01]} 47. Qd8+ {[%emt 0:00:00]} Kf7 {
[%emt 0:00:01]} 48. Qd7+ {[%emt 0:00:00]} Kf6 {[%emt 0:00:01]} 49. Qe8 {[%emt
0:00:00]} Qh2+ {[%emt 0:00:02]} 50. Ke3 {[%emt 0:00:00]} Qg1+ {[%emt 0:00:01]}
51. Kd3 {[%emt 0:00:00]} Qf1+ {[%emt 0:00:01]} 52. Kc3 {[%emt 0:00:01]} Qxf3+ {
[%emt 0:00:01]} 53. Kc4 {[%emt 0:00:00]} Qd5+ {[%emt 0:00:01]} 54. Kc3 {[%emt
0:00:00]} Qf3+ {[%emt 0:00:01]} 55. Kb4 {[%emt 0:00:03]} Qb7+ {[%emt 0:00:03]}
56. Kc3 {[%emt 0:00:03]} Qf3+ {[%emt 0:00:10]} 1/2-1/2

[Event "Benidorm Satellite preliminary"]
[Site "playchess.com #007036"]
[Date "2009.10.24"]
[Round "2"]
[White "Matematika"]
[Black "Maximums"]
[Result "0-1"]
[WhiteElo "2025"]
[BlackElo "2619"]
[PlyCount "124"]
[EventDate "2009.10.24"]
[EventType "swiss (blitz)"]

1. Nf3 {[%emt 0:00:02]} d5 {[%emt 0:00:01]} 2. c4 {[%emt 0:00:02]} c6 {[%emt 0:
00:01]} 3. g3 {[%emt 0:00:02]} Nf6 {[%emt 0:00:01]} 4. d4 {[%emt 0:00:01]} dxc4
{[%emt 0:00:04]} 5. Bg2 {[%emt 0:00:02]} Be6 {[%emt 0:00:02]} 6. a4 {[%emt 0:
00:05]} a5 {[%emt 0:00:04]} 7. O-O {[%emt 0:00:02]} Na6 {[%emt 0:00:01]} 8. Na3
{[%emt 0:00:04]} g6 {[%emt 0:00:04]} 9. Ne5 {[%emt 0:00:02]} Bg7 {[%emt 0:00:
14]} 10. Naxc4 {[%emt 0:00:07]} O-O {[%emt 0:00:02]} 11. e3 {[%emt 0:00:08]}
Bd5 {[%emt 0:00:05]} 12. Bd2 {[%emt 0:00:08]} Bxg2 {[%emt 0:00:04]} 13. Kxg2 {
[%emt 0:00:01]} Nb4 {[%emt 0:00:16]} 14. Qb3 {[%emt 0:00:14]} c5 {[%emt 0:00:
33]} 15. Bc3 {[%emt 0:00:08]} Ne4 {[%emt 0:00:15]} 16. f3 {[%emt 0:00:10]} Nxc3
{[%emt 0:00:31]} 17. bxc3 {[%emt 0:00:02]} Nd5 {[%emt 0:00:06]} 18. Rae1 {
[%emt 0:00:12]} cxd4 {[%emt 0:00:05]} 19. cxd4 {[%emt 0:00:12]} Rc8 {[%emt 0:
00:08]} 20. e4 {[%emt 0:00:09]} Nb4 {[%emt 0:00:02]} 21. d5 {[%emt 0:00:14]}
Qc7 {[%emt 0:00:01]} 22. f4 {[%emt 0:00:14]} Bxe5 {[%emt 0:00:19]} 23. Nxe5 {
[%emt 0:00:06]} Qc2+ {[%emt 0:00:00]} 24. Qxc2 {[%emt 0:00:03]} Rxc2+ {[%emt 0:
00:06]} 25. Rf2 {[%emt 0:00:09]} Rc3 {[%emt 0:00:04]} 26. Rf3 {[%emt 0:00:04]}
Rxf3 {[%emt 0:00:13]} 27. Kxf3 {[%emt 0:00:02]} Rc8 {[%emt 0:00:00]} 28. Re3 {
[%emt 0:00:05]} Rc2 {[%emt 0:00:05]} 29. h4 {[%emt 0:00:03]} h5 {[%emt 0:00:10]
} 30. Nd3 {[%emt 0:00:05]} Na6 {[%emt 0:00:04]} 31. e5 {[%emt 0:00:01]} Rc4 {
[%emt 0:00:03]} 32. Re4 {[%emt 0:00:01]} Rc3 {[%emt 0:00:02]} 33. Re3 {[%emt 0:
00:01]} Kf8 {[%emt 0:00:02]} 34. d6 {[%emt 0:00:03]} exd6 {[%emt 0:00:02]} 35.
exd6 {[%emt 0:00:01]} Nb8 {[%emt 0:00:05]} 36. Ne5 {[%emt 0:00:03]} Rxe3+ {
[%emt 0:00:01]} 37. Kxe3 {[%emt 0:00:01]} Ke8 {[%emt 0:00:00]} 38. Kd4 {[%emt
0:00:02]} Nd7 {[%emt 0:00:01]} 39. Kd5 {[%emt 0:00:05]} Nb6+ {[%emt 0:00:02]}
40. Kc5 {[%emt 0:00:01]} Nxa4+ {[%emt 0:00:01]} 41. Kb5 {[%emt 0:00:01]} Nc3+ {
[%emt 0:00:01]} 42. Kxa5 {[%emt 0:00:02]} Ne4 {[%emt 0:00:01]} 43. Nc4 {[%emt
0:00:03]} Kd7 {[%emt 0:00:02]} 44. Ne5+ {[%emt 0:00:04]} Kxd6 {[%emt 0:00:03]}
45. Nxf7+ {[%emt 0:00:01]} Ke6 {[%emt 0:00:01]} 46. Ne5 {[%emt 0:00:02]} Kf5 {
[%emt 0:00:01]} 47. Kb6 {[%emt 0:00:04]} Nxg3 {[%emt 0:00:01]} 48. Kxb7 {[%emt
0:00:03]} Ne2 {[%emt 0:00:00]} 49. Kc6 {[%emt 0:00:03]} Nxf4 {[%emt 0:00:01]}
50. Nf3 {[%emt 0:00:02]} Kg4 {[%emt 0:00:06]} 51. Ne5+ {[%emt 0:00:01]} Kxh4 {
[%emt 0:00:01]} 52. Kc5 {[%emt 0:00:03]} g5 {[%emt 0:00:01]} 53. Kd4 {[%emt 0:
00:01]} Kg3 {[%emt 0:00:01]} 54. Ke3 {[%emt 0:00:02]} h4 {[%emt 0:00:02]} 55.
Nf3 {[%emt 0:00:01]} g4 {[%emt 0:00:02]} 56. Ng1 {[%emt 0:00:04]} Nd5+ {[%emt
0:00:01]} 57. Ke4 {[%emt 0:00:03]} h3 {[%emt 0:00:04]} 58. Ne2+ {[%emt 0:00:03]
} Kf2 {[%emt 0:00:01]} 59. Nd4 {[%emt 0:00:03]} h2 {[%emt 0:00:03]} 60. Kxd5 {
[%emt 0:00:01]} h1=Q+ {[%emt 0:00:02]} 61. Kc4 {[%emt 0:00:01]} Qe4 {[%emt 0:
00:02]} 62. Kc3 {[%emt 0:00:01]} g3 {[%emt 0:00:02] Matematika resigns} 0-1